<?xml version="1.0" encoding="UTF-8"?><?xml-stylesheet type="text/xsl" href="static/style.xsl"?><OAI-PMH xmlns="http://www.openarchives.org/OAI/2.0/" xmlns:xsi="http://www.w3.org/2001/XMLSchema-instance" xsi:schemaLocation="http://www.openarchives.org/OAI/2.0/ http://www.openarchives.org/OAI/2.0/OAI-PMH.xsd"><responseDate>2026-04-17T04:09:25Z</responseDate><request verb="GetRecord" identifier="oai:www.recercat.cat:2445/107047" metadataPrefix="marc">https://recercat.cat/oai/request</request><GetRecord><record><header><identifier>oai:recercat.cat:2445/107047</identifier><datestamp>2025-12-05T15:57:06Z</datestamp><setSpec>com_2072_1057</setSpec><setSpec>col_2072_478860</setSpec><setSpec>col_2072_478917</setSpec></header><metadata><record xmlns="http://www.loc.gov/MARC21/slim" xmlns:dcterms="http://purl.org/dc/terms/" xmlns:xsi="http://www.w3.org/2001/XMLSchema-instance" xmlns:doc="http://www.lyncode.com/xoai" xsi:schemaLocation="http://www.loc.gov/MARC21/slim http://www.loc.gov/standards/marcxml/schema/MARC21slim.xsd">
   <leader>00925njm 22002777a 4500</leader>
   <datafield ind2=" " ind1=" " tag="042">
      <subfield code="a">dc</subfield>
   </datafield>
   <datafield ind2=" " ind1=" " tag="720">
      <subfield code="a">Icart Isern, M. Teresa (Maria Teresa)</subfield>
      <subfield code="e">author</subfield>
   </datafield>
   <datafield ind2=" " ind1=" " tag="720">
      <subfield code="a">Quílez Jover, Jorge</subfield>
      <subfield code="e">author</subfield>
   </datafield>
   <datafield ind2=" " ind1=" " tag="720">
      <subfield code="a">Icart Isern, M. Carmen</subfield>
      <subfield code="e">author</subfield>
   </datafield>
   <datafield ind2=" " ind1=" " tag="260">
      <subfield code="c">2017-02-16T10:58:58Z</subfield>
   </datafield>
   <datafield ind2=" " ind1=" " tag="260">
      <subfield code="c">2017-02-16T10:58:58Z</subfield>
   </datafield>
   <datafield ind2=" " ind1=" " tag="260">
      <subfield code="c">2015-04</subfield>
   </datafield>
   <datafield ind2=" " ind1=" " tag="260">
      <subfield code="c">2017-02-16T10:58:58Z</subfield>
   </datafield>
   <datafield ind2=" " ind1=" " tag="520">
      <subfield code="a">Este manuscrito pretende mostrar un ejemplo de la relación entre la ficción cinematográfica a través de la película Misery (R. Reiner, 1990) y la realidad para ello se describe el trastorno bipolar que afecta a una ex enfermera, Annie Wilkes, interpretada por la actriz Kathy Bates. A continuación se presentan ejemplos de algunas conductas acompañadas de las ideas delirantes protagonizadas por Annie y de las que es víctima el escritor de novelas románticas Paul Sheldon. El escritor será el prisionero de Annie que le retiene en su casa después de haberle rescatado de su coche en el que sufriera un accidente. Será de la mano de Paul que descubriremos el pasado de la ex enfermera acusada de infanticidio. Esta ficción sirve para conocer algunos casos reales de enfermeras infanticidas (asesinas en serie) que a lo largo de décadas han sido responsables de la muerte de recién nacidos que estaban a su cuidado. De este modo identificaremos los lugares donde protagonizaron sus crímenes, los medios empleados para los mismos y la condena recibida. Al margen de la ficción, la realidad es un estímulo para la reflexión y la docencia en torno a cuestiones como la seguridad de los pacientes, en especial aquellos que por su edad o condición son especialmente vulnerables, en nuestro caso los recién nacidos. A partir de la realidad se propone el análisis en el contexto académico</subfield>
   </datafield>
   <datafield tag="653" ind2=" " ind1=" ">
      <subfield code="a">Infanticidi</subfield>
   </datafield>
   <datafield tag="653" ind2=" " ind1=" ">
      <subfield code="a">Infermeria</subfield>
   </datafield>
   <datafield tag="653" ind2=" " ind1=" ">
      <subfield code="a">Trastorn bipolar</subfield>
   </datafield>
   <datafield tag="653" ind2=" " ind1=" ">
      <subfield code="a">Cinematografia en l'ensenyament</subfield>
   </datafield>
   <datafield tag="653" ind2=" " ind1=" ">
      <subfield code="a">Infanticide</subfield>
   </datafield>
   <datafield tag="653" ind2=" " ind1=" ">
      <subfield code="a">Nursing</subfield>
   </datafield>
   <datafield tag="653" ind2=" " ind1=" ">
      <subfield code="a">Manic-depressive illness</subfield>
   </datafield>
   <datafield tag="653" ind2=" " ind1=" ">
      <subfield code="a">Motion pictures in education</subfield>
   </datafield>
   <datafield ind2="0" ind1="0" tag="245">
      <subfield code="a">Infanticidio y enfermería en la ficción y la realidad. A propósito del trastorno biopolar en la película Misery (R. Reiner, 1990)</subfield>
   </datafield>
</record></metadata></record></GetRecord></OAI-PMH>